000 00451nab a2200145Ia 4500
003 ES-SlBCS
005 20210601123955.0
008 140529s1987 xxu||||| |||| 00| 0 eng d
041 _aeng
100 1 _aPutman, Daniel
_9132809
245 0 0 _aSympathy and Ethical Judgments: A Reconsideration
_c Daniel Putman
650 0 4 _aSimpatía
_9132810
773 0 _tAmerican Philosophical Quarterly
_gvol. 24, nº. 3, 1987, págs. 261-266
_wRev1386
942 _cAR
999 _c507115
_d507115